000 00680cam a22002173a 4500
001 38492
003 PGUSA
005 20140828083841.0
008 120103s2012||||xxu|||||s|||||000 | eng d
040 _aPGUSA
_beng
042 _adc
100 1 _aMyers, F. W. H.
_q(Frederic William Henry),
_d1843-1901
245 1 0 _aHuman Personality and its Survival of Bodily Death
_h[electronic resource] /
_cF. W. H. Myers
260 _bProject Gutenberg,
_c2012
506 _aPublic domain in the USA.
516 _aElectronic text
700 1 _aMyers, Leopold Hamilton,
_d1881-1944
830 0 _aProject Gutenberg
_v38492
856 4 0 _uhttp://www.gutenberg.org/ebooks/38492
942 _cEB
999 _c267746
_d267746